[Event "4NCL Division 3 North"]
[Site "Bolton, ENG"]
[Date "2020.02.09"]
[Round "6.43"]
[White "Phillips, David A"]
[Black "Akeya-Price, Robert"]
[Result "1/2-1/2"]
[WhiteElo "2055"]
[BlackElo "1818"]
[PlyCount "102"]
[EventDate "2020.02.09"]
[WhiteTeam "Spirit of Atticus B"]
[BlackTeam "Manx Liberty 2"]

1. Nf3 Nf6 2. g3 d5 3. Bg2 e6 4. O-O Be7 5. c4 O-O 6. d4 dxc4 7. Ne5 Nc6 8.
Bxc6 bxc6 9. Nxc6 Qe8 10. Nxe7+ Qxe7 11. Qa4 Nd5 12. Qxc4 Rb8 13. Nc3 Bb7 14.
Nxd5 Bxd5 15. Qc5 Qxc5 16. dxc5 Rb5 17. b3 Rfb8 18. Bf4 Rxc5 19. Rac1 Rxc1 20.
Rxc1 Rc8 21. Rxc7 Rxc7 22. Bxc7 f6 23. f3 e5 24. e4 Be6 25. Kf2 Kf7 26. Ke3 Ke7
27. f4 exf4+ 28. gxf4 Kd7 29. Bb8 a6 30. Kd4 Kc6 31. h4 g6 32. Ba7 f5 33. Ke5
Bd7 34. exf5 Bxf5 35. h5 Bb1 36. a3 Bc2 37. b4 Bd3 38. h6 Bc2 39. Be3 Bb3 40.
Bc1 Bc2 41. Bd2 Bb3 42. Kf6 Kd7 43. Kg7 Ke8 44. Be3 Bc2 45. Bc5 Bb3 46. Bd4 Bc2
47. Kf6 Kd7 48. Kf7 Bb3+ 49. Kf8 Bc2 50. Bf6 Bb3 51. Bg5 Bc2 1/2-1/2

[Event "4NCL Division 3 North"]
[Site "Bolton, ENG"]
[Date "2020.02.09"]
[Round "6.44"]
[White "Miah, Zahed"]
[Black "Bimpson, Tom"]
[Result "0-1"]
[WhiteElo "1816"]
[BlackElo "1940"]
[PlyCount "116"]
[EventDate "2020.02.09"]
[WhiteTeam "Manx Liberty 2"]
[BlackTeam "Spirit of Atticus B"]

1. d4 d6 2. e4 c6 3. Bd3 Nd7 4. Nf3 h6 5. c4 g5 6. h3 Bg7 7. Bd2 Nf8 8. Bc3 Ng6
9. g3 g4 10. Ng1 Qb6 11. Bc2 h5 12. hxg4 Bxg4 13. f3 Bd7 14. f4 O-O-O 15. Nf3
Bg4 16. Nbd2 h4 17. f5 hxg3 18. Rxh8 Nxh8 19. Qe2 Nf6 20. O-O-O Bh6 21. Kb1 Nh5
22. Rh1 f6 23. Qg2 Rg8 24. Bd1 Nf7 25. Nf1 Bxf3 26. Qxf3 g2 27. Rg1 Nf4 28. Ne3
Rg7 29. Nxg2 a6 30. Qf1 Nh3 31. Rh1 Nhg5 32. Rh4 Qd8 33. Qh1 Qg8 34. Ne1 Nh7
35. Bh5 Bg5 36. Rh3 Nf8 37. Nf3 Nd8 38. d5 Rh7 39. Bg4 Rxh3 40. Qxh3 Bf4 41. a4
Nd7 42. b4 Nb6 43. Nd4 Nxc4 44. Ne6 Nxe6 45. fxe6 cxd5 46. exd5 Ne3 47. Bf3
Qg6+ 48. Ka1 Qc2 49. Qh8+ Kc7 50. Bb2 Qxa4+ 51. Kb1 Qc2+ 52. Ka1 Nc4 53. Bd4
Qa4+ 54. Kb1 Qxb4+ 55. Kc2 Qd2+ 56. Kb3 Qxd4 57. Qe8 Qd3+ 58. Kb4 Bd2+ 0-1

[Event "4NCL Division 3 North"]
[Site "Bolton, ENG"]
[Date "2020.02.09"]
[Round "6.45"]
[White "Johnson, Michael D"]
[Black "Haslinger, J Mike"]
[Result "1-0"]
[WhiteElo "1942"]
[BlackElo "1769"]
[PlyCount "167"]
[EventDate "2020.02.09"]
[WhiteTeam "Spirit of Atticus B"]
[BlackTeam "Manx Liberty 2"]

1. Nf3 d5 2. g3 Nf6 3. Bg2 c6 4. O-O Bg4 5. d4 Nbd7 6. b3 e6 7. Bb2 Qc7 8. c4
Be7 9. Nc3 O-O 10. Rc1 Qa5 11. Qd2 dxc4 12. bxc4 Qh5 13. Ne1 Nb6 14. c5 Nc4 15.
Qc2 Bh3 16. Nd1 Bxg2 17. Kxg2 Nxb2 18. Qxb2 Qd5+ 19. Kg1 Rab8 20. Ne3 Qh5 21.
Nf3 Rfd8 22. Rfd1 Ne4 23. Qc2 Ng5 24. Nxg5 Bxg5 25. f4 Bf6 26. Qc4 Qg6 27. Nc2
h5 28. e3 h4 29. Kf2 Qe4 30. Qd3 Qd5 31. Nb4 Qh5 32. Rg1 Qg4 33. Qe2 Qh3 34.
Qf1 Qxh2+ 35. Qg2 hxg3+ 36. Kf1 Bxd4 37. Qxg3 Qxg3 38. Rxg3 Bb2 39. Rb1 Rd2 40.
Rg2 Rbd8 41. Rxb2 Rd1+ 42. Ke2 a5 43. Nc2 R8d2+ 44. Kf3 Rd5 45. Rxb7 Rxc5 46.
Nd4 Rc3 47. Nxe6 fxe6 48. Rgxg7+ Kh8 49. Rge7 Rd8 50. Rxe6 Rc8 51. Rh6+ Kg8 52.
f5 Re8 53. Re6 Rxe6 54. fxe6 Kf8 55. Kf4 Rc5 56. e4 Rh5 57. Rf7+ Ke8 58. Rf5
Rh2 59. a4 c5 60. Rxc5 Ke7 61. Rxa5 Rh4+ 62. Ke3 Kxe6 63. Kd4 Kd6 64. Ra6+ Kc7
65. Kd5 Kb7 66. Rf6 Rh5+ 67. e5 Rh4 68. e6 Kc7 69. Rf7+ Kd8 70. Ra7 Rh1 71. Kc6
Re1 72. e7+ Ke8 73. a5 Rc1+ 74. Kb7 Kxe7 75. a6 Kd6 76. Kb8 Ra1 77. Rg7 Kc6 78.
Rg6+ Kd7 79. Rb6 Rc1 80. a7 Rc8+ 81. Kb7 Rc7+ 82. Ka6 Rc8 83. Rb8 Rc6+ 84. Kb5
1-0

[Event "4NCL Division 3 North"]
[Site "Bolton, ENG"]
[Date "2020.02.09"]
[Round "6.46"]
[White "Costello, John"]
[Black "Mort, Andrew J"]
[Result "1/2-1/2"]
[WhiteElo "1722"]
[BlackElo "1967"]
[PlyCount "30"]
[EventDate "2020.02.09"]
[WhiteTeam "Manx Liberty 2"]
[BlackTeam "Spirit of Atticus B"]

1. d4 d5 2. c4 e6 3. Nc3 c5 4. e3 Nf6 5. Nf3 Nc6 6. h3 Be7 7. cxd5 exd5 8. Bd3
O-O 9. O-O Be6 10. a3 c4 11. Bc2 Rb8 12. Ne5 Nd7 13. Nxc4 b5 14. Nd2 a5 15. Ne2
Nb6 1/2-1/2

[Event "4NCL Division 3 North"]
[Site "Bolton, ENG"]
[Date "2020.02.09"]
[Round "6.51"]
[White "Whitfield, Craig M"]
[Black "Surtees, Mike J"]
[Result "1/2-1/2"]
[WhiteElo "2297"]
[BlackElo "2162"]
[PlyCount "140"]
[EventDate "2020.02.09"]
[WhiteTeam "J'Adoube 1"]
[BlackTeam "Bolton & Worsley"]

1. d4 Nf6 2. Nf3 b5 3. Bg5 Ne4 4. Bh4 Bb7 5. e3 a6 6. Nbd2 Qc8 7. Nxe4 Bxe4 8.
Bd3 Qb7 9. Bg3 d6 10. c4 Bxd3 11. Qxd3 e6 12. O-O Be7 13. Rfc1 O-O 14. d5 Nd7
15. cxb5 Nc5 16. Qc2 exd5 17. bxa6 Rxa6 18. Bh4 Bxh4 19. Nxh4 Rfa8 20. b3 g6
21. Nf3 Ne6 22. Nd4 c5 23. Ne2 Qa7 24. a4 Qb7 25. Rd1 Rb8 26. Qd3 Nc7 27. Nc3
Kf8 28. Rab1 Rb6 29. Kf1 Ke7 30. a5 Ra6 31. b4 cxb4 32. Nxd5+ Qxd5 33. Qxd5
Nxd5 34. Rxd5 Ke6 35. e4 f5 36. f3 b3 37. Ke2 Rb4 38. Kd3 fxe4+ 39. fxe4 Ra4
40. Rxb3 R6xa5 41. Rxa5 Rxa5 42. Rb7 Ra2 43. Rxh7 Rxg2 44. Kd4 Rd2+ 45. Ke3 Ra2
46. Rh8 g5 47. Kf3 Kf6 48. h3 Ra1 49. Rf8+ Kg6 50. Rd8 Rf1+ 51. Ke2 Rf6 52. Ke3
Re6 53. Kd4 Kf7 54. Rd7+ Kg6 55. Ra7 Kh5 56. Rh7+ Kg6 57. Rh8 Kg7 58. Rd8 Kg6
59. Rf8 Re5 60. Rf3 Kg7 61. Ra3 Re6 62. Ra5 Kg6 63. Rf5 Re7 64. Kd5 Re8 65. Kd4
Ra8 66. Rf3 Re8 67. Re3 Re5 68. Rd3 Kf6 69. Re3 Ke6 70. Rf3 Ke7 1/2-1/2

[Event "4NCL Division 3 North"]
[Site "Bolton, ENG"]
[Date "2020.02.09"]
[Round "6.52"]
[White "Sakic, Lorand"]
[Black "Boswell, Jacob Connor"]
[Result "0-1"]
[WhiteElo "2027"]
[BlackElo "2162"]
[PlyCount "52"]
[EventDate "2020.02.09"]
[WhiteTeam "Bolton & Worsley"]
[BlackTeam "J'Adoube 1"]

1. e4 c6 2. d4 d5 3. c4 dxe4 4. Nc3 Nf6 5. Nge2 Bf5 6. Ng3 e6 7. Bg5 Be7 8. Qb3
Nbd7 9. Qxb7 Rb8 10. Qxc6 Rxb2 11. Be2 Bb4 12. Bd2 O-O 13. a3 Nb8 14. Qa4 Qxd4
15. O-O Bxc3 16. Be3 Qe5 17. Rac1 Bd4 18. c5 Bxe3 19. fxe3 Nd5 20. c6 Nc3 21.
Qc4 Nxe2+ 22. Nxe2 Nxc6 23. Nc3 Na5 24. Qa6 Nb3 25. Qb7 Nxc1 26. Qxb2 Qxc3 0-1

[Event "4NCL Division 3 North"]
[Site "Bolton, ENG"]
[Date "2020.02.09"]
[Round "6.53"]
[White "Bennett, Patrick"]
[Black "Sakic, Simeon"]
[Result "1-0"]
[WhiteElo "1997"]
[BlackElo "2005"]
[PlyCount "67"]
[EventDate "2020.02.09"]
[WhiteTeam "J'Adoube 1"]
[BlackTeam "Bolton & Worsley"]

1. c4 Nf6 2. Nc3 d5 3. d4 e6 4. Bg5 Be7 5. e3 O-O 6. Nf3 b6 7. cxd5 Nxd5 8.
Bxe7 Qxe7 9. Bd3 Nxc3 10. bxc3 Bb7 11. h4 c5 12. Rh3 cxd4 13. exd4 Nd7 14. Kf1
Nf6 15. Qc2 Rac8 16. Re1 Rfd8 17. Ng5 h6 18. Qd2 Qc7 19. Ne4 Nh5 20. Bb1 e5 21.
Qd1 Nf4 22. Rg3 f5 23. Nf6+ Kf7 24. Nh5 g6 25. Nxf4 exf4 26. Rxg6 Kxg6 27. Qg4+
Kf6 28. Qxf5+ Kg7 29. Re6 Qc4+ 30. Kg1 Qxe6 31. Qxe6 Ba8 32. Qe7+ Kg8 33. Bh7+
Kh8 34. Bg6 1-0

[Event "4NCL Division 3 North"]
[Site "Bolton, ENG"]
[Date "2020.02.09"]
[Round "6.54"]
[White "Harman, George"]
[Black "Turner, John M"]
[Result "0-1"]
[WhiteElo "1862"]
[BlackElo "1960"]
[PlyCount "142"]
[EventDate "2020.02.09"]
[WhiteTeam "Bolton & Worsley"]
[BlackTeam "J'Adoube 1"]

1. e4 d5 2. exd5 Qxd5 3. Nc3 Qd6 4. Nf3 Nf6 5. Bc4 a6 6. O-O Bg4 7. h3 Bh5 8.
Re1 Nc6 9. Be2 e6 10. d3 Be7 11. Be3 O-O 12. Ng5 Bxe2 13. Qxe2 Rad8 14. Nce4
Nxe4 15. Nxe4 Qd5 16. f4 Nd4 17. Qd1 Rfe8 18. Rf1 c5 19. Bd2 c4 20. Nc3 Qc6 21.
dxc4 Qxc4 22. Be3 Nf5 23. Bd2 Ne3 24. Bxe3 Rxd1 25. Raxd1 Bc5 26. Bxc5 Qxc5+
27. Kh1 Qc7 28. f5 Rd8 29. fxe6 fxe6 30. Rde1 Rf8 31. Rxf8+ Kxf8 32. Rxe6 Qf4
33. Rb6 Qc7 34. Re6 Kf7 35. Re4 b5 36. a3 h6 37. Re3 Qc5 38. Rd3 Kg8 39. Rd8+
Kh7 40. Ra8 Qc6 41. Ra7 Qb6 42. Ra8 Qb7 43. Rd8 Qe7 44. Ra8 Qe1+ 45. Kh2 Qc1
46. Rxa6 Qxb2 47. Rc6 Qxc2 48. Rc7 Qb2 49. Rc8 Qc1 50. Rc6 Qxa3 51. Nxb5 Qa4
52. Rb6 Qf4+ 53. Kh1 Qc1+ 54. Kh2 Qc5 55. Rb7 Qc6 56. Rb8 h5 57. Kg3 g5 58. Kf2
Qf6+ 59. Kg1 Qa1+ 60. Kf2 Qb2+ 61. Kf1 Qc1+ 62. Ke2 Qc2+ 63. Ke1 Qe4+ 64. Kd1
Qxg2 65. Kc1 Qxh3 66. Rb7+ Kg6 67. Rb6+ Kf5 68. Nd6+ Kf4 69. Rb4+ Ke5 70. Nc4+
Kd5 71. Nb6+ Kc5 0-1

[Event "4NCL Division 3 North"]
[Site "Bolton, ENG"]
[Date "2020.02.09"]
[Round "6.55"]
[White "Edwards, Simon R"]
[Black "Doherty, Paul"]
[Result "1-0"]
[WhiteElo "1982"]
[BlackElo "1750"]
[PlyCount "89"]
[EventDate "2020.02.09"]
[WhiteTeam "J'Adoube 1"]
[BlackTeam "Bolton & Worsley"]

1. e4 c5 2. Nc3 a6 3. Nf3 e6 4. d4 cxd4 5. Nxd4 d6 6. Be3 Nf6 7. f3 Be7 8. Qd2
Bd7 9. O-O-O b5 10. g4 b4 11. Nce2 O-O 12. Ng3 Nc6 13. g5 Ne8 14. f4 Qc7 15.
Bd3 Rb8 16. Kb1 Qa5 17. Nb3 Qc7 18. f5 e5 19. f6 Bd8 20. h4 a5 21. Nf5 Bxf5 22.
exf5 a4 23. Nc1 Na5 24. fxg7 Nxg7 25. h5 Nc4 26. Bxc4 Qxc4 27. Rhf1 Bc7 28. h6
Ne8 29. Qg2 Kh8 30. Qf3 Rg8 31. Rg1 Bb6 32. Rg4 e4 33. Rxe4 Qc7 34. Rxb4 Bxe3
35. Rxb8 Bxg5 36. Rb7 Qc4 37. Ne2 Bxh6 38. b3 Qa6 39. Rxf7 axb3 40. cxb3 Bg7
41. f6 Bh6 42. Qe4 Nxf6 43. Rxf6 Bg7 44. Rfxd6 Qa3 45. Qc2 1-0

[Event "4NCL Division 3 North"]
[Site "Bolton, ENG"]
[Date "2020.02.09"]
[Round "6.56"]
[White "Lamb, Ian"]
[Black "Doran, Chris"]
[Result "0-1"]
[WhiteElo "1727"]
[BlackElo "2005"]
[PlyCount "60"]
[EventDate "2020.02.09"]
[WhiteTeam "Bolton & Worsley"]
[BlackTeam "J'Adoube 1"]

1. Nf3 Nf6 2. c4 g6 3. Nc3 Bg7 4. e4 d6 5. d4 O-O 6. h3 e5 7. d5 a5 8. Bg5 Na6
9. Be2 Nc5 10. Nd2 Bd7 11. g4 c6 12. Qc2 a4 13. Rg1 Qa5 14. Be3 cxd5 15. cxd5
Rfc8 16. Nc4 Qc7 17. f3 b5 18. Nd2 Qb8 19. Qd1 b4 20. Ncb1 Bb5 21. Bxc5 Rxc5
22. Nf1 Bxe2 23. Qxe2 Qb6 24. Ne3 Rc1+ 25. Kf2 Rxg1 26. Kxg1 Bh6 27. Kf2 Rc8
28. Nd2 Rc2 29. b3 Bxe3+ 30. Qxe3 Rxd2+ 0-1

[Event "4NCL Division 3 North"]
[Site "Bolton, ENG"]
[Date "2020.02.09"]
[Round "6.61"]
[White "Patrick, David A"]
[Black "Potter, Steven"]
[Result "1-0"]
[WhiteElo "1904"]
[BlackElo "1840"]
[PlyCount "111"]
[EventDate "2020.02.09"]
[WhiteTeam "Bradford DCA Knights B"]
[BlackTeam "Manchester Manticores 4"]

1. e4 e6 2. d4 b6 3. Nf3 Bb7 4. Bd3 c5 5. c3 Nf6 6. Qe2 Be7 7. O-O Nc6 8. Re1
cxd4 9. cxd4 Nb4 10. Nc3 Nxd3 11. Qxd3 Bb4 12. a3 Bxc3 13. bxc3 Bxe4 14. Rxe4
Nxe4 15. Qxe4 Rc8 16. Bd2 f5 17. Qe5 O-O 18. Rc1 Qc7 19. Qxc7 Rxc7 20. Kf1 Re8
21. Ke2 e5 22. Kd1 e4 23. Ng1 Rc4 24. Kc2 h6 25. h4 Kf7 26. Ne2 Rg8 27. Kb3 b5
28. Rh1 a5 29. Rh3 Rc6 30. h5 a4+ 31. Kb2 Rgc8 32. Nf4 Rd8 33. Rg3 d5 34. Ng6
Rb6 35. Nh4 Rf6 36. Bf4 Re8 37. Ng6 Ra6 38. Be5 Rc8 39. Nf4 b4 40. Rxg7+ Kf8
41. Ng6+ Ke8 42. cxb4 Rac6 43. Rg8+ Kf7 44. Rxc8 Rxc8 45. Nf4 Rd8 46. b5 Rd7
47. b6 Rb7 48. Bc7 Kf6 49. Nxd5+ Kg5 50. Kc3 Kxh5 51. Nf4+ Kg4 52. d5 h5 53.
Kd4 h4 54. Ke5 h3 55. Nxh3 e3 56. fxe3 1-0

[Event "4NCL Division 3 North"]
[Site "Bolton, ENG"]
[Date "2020.02.09"]
[Round "6.62"]
[White "Jayawarna, Tarini"]
[Black "Baxter, Harold"]
[Result "1/2-1/2"]
[WhiteElo "1712"]
[BlackElo "1861"]
[PlyCount "32"]
[EventDate "2020.02.09"]
[WhiteTeam "Manchester Manticores 4"]
[BlackTeam "Bradford DCA Knights B"]

1. e4 c5 2. Nf3 e6 3. d4 cxd4 4. Nxd4 a6 5. c4 Nf6 6. Nc3 Qc7 7. a3 Bc5 8. Be2
Nc6 9. Nxc6 dxc6 10. b4 Bd6 11. h3 Be5 12. Bb2 O-O 13. Qc2 c5 14. O-O Bd7 15.
Nd1 Bc6 16. Bd3 b6 1/2-1/2

[Event "4NCL Division 3 North"]
[Site "Bolton, ENG"]
[Date "2020.02.09"]
[Round "6.63"]
[White "Johnson, Paul A"]
[Black "Jayawarna, Thisumi"]
[Result "1/2-1/2"]
[WhiteElo "1818"]
[BlackElo "1637"]
[PlyCount "150"]
[EventDate "2020.02.09"]
[WhiteTeam "Bradford DCA Knights B"]
[BlackTeam "Manchester Manticores 4"]

1. d4 Nf6 2. c4 c5 3. d5 e6 4. Nc3 exd5 5. cxd5 d6 6. e4 g6 7. Be2 Bg7 8. Nf3
a6 9. a4 Qe7 10. Qc2 Bg4 11. O-O O-O 12. Re1 Re8 13. h3 Bxf3 14. Bxf3 Nbd7 15.
g3 Nb6 16. Bf4 Rad8 17. Rad1 Nbd7 18. Bg2 Ne5 19. Re2 Qf8 20. Bc1 Re7 21. f4
Ned7 22. Rde1 Ne8 23. Be3 f5 24. Bf2 fxe4 25. Bxe4 Kh8 26. Bd3 Rxe2 27. Rxe2
Bxc3 28. bxc3 Ndf6 29. c4 Nc7 30. a5 Re8 31. Be1 Rxe2 32. Qxe2 Qe8 33. Kf2
Qxe2+ 34. Kxe2 Nd7 35. Bc3+ Kg8 36. f5 Kf7 37. Ke3 g5 38. Be2 Nf6 39. Bf3 Nce8
40. g4 Nd7 41. Bd1 Nef6 42. Be2 Ne5 43. Bxe5 dxe5 44. d6 Nd7 45. Ke4 Kf6 46.
Kd5 h6 47. Bd1 Kf7 48. Ba4 Nf6+ 49. Kxe5 Nh7 50. Kd5 Nf6+ 51. Kxc5 Ne4+ 52. Kd5
Nc3+ 53. Ke5 Nxa4 54. d7 Ke7 55. d8=Q+ Kxd8 56. Kf6 Ke8 57. Kg7 Nc5 58. Kxh6
Ne4 59. Kg7 Ke7 60. Kg6 Kf8 61. f6 Kg8 62. Kf5 Nd6+ 63. Kxg5 Kf7 64. h4 Ne4+
65. Kf5 Nxf6 66. g5 Nh5 67. g6+ Kg7 68. Kg5 Nf6 69. h5 Ng8 70. c5 Nh6 71. Kf4
Kf6 72. Ke4 Ke6 73. Kf4 Kf6 74. Ke4 Ke6 75. Kf4 Kf6 1/2-1/2

[Event "4NCL Division 3 North"]
[Site "Bolton, ENG"]
[Date "2020.02.09"]
[Round "6.64"]
[White "Grindrod, John"]
[Black "Slinger, Tony J"]
[Result "0-1"]
[WhiteElo "1667"]
[BlackElo "1832"]
[PlyCount "64"]
[EventDate "2020.02.09"]
[WhiteTeam "Manchester Manticores 4"]
[BlackTeam "Bradford DCA Knights B"]

1. c4 Nf6 2. Nc3 g6 3. g3 Bg7 4. Bg2 O-O 5. d3 d6 6. Nf3 e5 7. e4 Nc6 8. O-O
Bg4 9. h3 Bd7 10. Be3 a6 11. h4 a5 12. b3 Rb8 13. Qd2 Nb4 14. Bg5 Qc8 15. Kh2
Nh5 16. Nd5 Nxd5 17. cxd5 f6 18. Be3 c6 19. Rac1 Qd8 20. g4 Nf4 21. Bxf4 exf4
22. Qxf4 Qe7 23. Qd2 Ra8 24. dxc6 bxc6 25. Nd4 Qe5+ 26. f4 Qxd4 27. Rc4 Qb6 28.
Rb1 Rab8 29. d4 Rfc8 30. e5 d5 31. Rc5 fxe5 32. fxe5 Bxe5+ 0-1

[Event "4NCL Division 3 North"]
[Site "Bolton, ENG"]
[Date "2020.02.09"]
[Round "6.65"]
[White "Khan, Karim"]
[Black "Beswick, Andrew"]
[Result "1-0"]
[WhiteElo "1787"]
[BlackElo "1562"]
[PlyCount "63"]
[EventDate "2020.02.09"]
[WhiteTeam "Bradford DCA Knights B"]
[BlackTeam "Manchester Manticores 4"]

1. e4 e5 2. Nf3 Nc6 3. d3 Nf6 4. g3 Bc5 5. Bg2 O-O 6. c3 h6 7. O-O d6 8. a4 a5
9. Nbd2 Bg4 10. Nc4 Qd7 11. Be3 Bh3 12. Bxc5 dxc5 13. Ncxe5 Nxe5 14. Nxe5 Qe6
15. Nc4 Bxg2 16. Kxg2 Nxe4 17. Re1 Qd5 18. Ne3 Qc6 19. dxe4 Qxe4+ 20. Qf3 Qe6
21. Nd5 Qd6 22. Rad1 Kh8 23. c4 Rad8 24. Ne7 Qb6 25. Rxd8 Rxd8 26. Qxf7 Qxb2
27. Rd1 Rb8 28. Rd7 Qf6 29. Nf5 Qe5 30. Re7 Qf6 31. Qxf6 gxf6 32. Rxc7 1-0

[Event "4NCL Division 3 North"]
[Site "Bolton, ENG"]
[Date "2020.02.09"]
[Round "6.66"]
[White "Wilson, Jeff"]
[Black "Holliday, John K"]
[Result "0-1"]
[WhiteElo "1319"]
[BlackElo "1805"]
[PlyCount "58"]
[EventDate "2020.02.09"]
[WhiteTeam "Manchester Manticores 4"]
[BlackTeam "Bradford DCA Knights B"]

1. e4 d5 2. exd5 Nf6 3. Bb5+ Bd7 4. Bc4 c6 5. Nc3 cxd5 6. Nxd5 Nxd5 7. Bxd5 Nc6
8. c3 e6 9. Bb3 Qg5 10. g3 Bd6 11. d4 Qe7 12. Nf3 O-O-O 13. Bc2 e5 14. O-O Bg4
15. Qd3 Bxf3 16. Qxf3 exd4 17. Qg4+ Kb8 18. cxd4 h5 19. Qd1 h4 20. Re1 Qc7 21.
Re3 hxg3 22. fxg3 Nxd4 23. Rc3 Nc6 24. Qf1 Qb6+ 25. Kg2 Qc7 26. Be4 Qe7 27.
Bxc6 bxc6 28. Rxc6 Qe4+ 29. Qf3 Rxh2+ 0-1

[Event "4NCL Division 3 North"]
[Site "Bolton, ENG"]
[Date "2020.02.09"]
[Round "6.203"]
[White "Bowman, Richard L"]
[Black "Jones, Neil T"]
[Result "0-1"]
[WhiteElo "1740"]
[BlackElo "1870"]
[PlyCount "90"]
[EventDate "2020.02.09"]
[WhiteTeam "Bradford DCA Knights C"]
[BlackTeam "Manchester Manticores 3"]

1. d4 d5 2. Bf4 Nf6 3. Nc3 c6 4. e3 Bf5 5. Bd3 Bg6 6. Nf3 Nbd7 7. Ne5 Nxe5 8.
Bxe5 Nd7 9. Bg3 e6 10. a3 Be7 11. O-O O-O 12. b4 Bf6 13. Bd6 Re8 14. f4 Bxd3
15. Qxd3 g6 16. e4 dxe4 17. Nxe4 Bg7 18. c4 Nb6 19. c5 Nc8 20. Rad1 f5 21. Ng5
Nxd6 22. cxd6 Qxd6 23. g3 Rad8 24. Nf3 Rd7 25. Rd2 Red8 26. Rfd1 Qd5 27. Kf2
Bf6 28. Ke3 a5 29. Rc1 axb4 30. axb4 Qd6 31. Qc4 Ra8 32. Rc3 Qd5 33. Qd3 Rdd8
34. Rc5 Qd6 35. Ne5 Bxe5 36. fxe5 Qe7 37. h4 Rf8 38. b5 f4+ 39. gxf4 Qxh4 40.
Rf2 Qg3+ 41. Ke2 Ra2+ 42. Rc2 Rxc2+ 43. Qxc2 Rxf4 44. Rxf4 Qxf4 45. Qa2 Qh2+
0-1

[Event "4NCL Division 3 North"]
[Site "Bolton, ENG"]
[Date "2020.02.09"]
[Round "6.206"]
[White "Livesey, R Nigel"]
[Black "Clarke, Paul R H"]
[Result "1-0"]
[WhiteElo "1832"]
[BlackElo "1698"]
[PlyCount "65"]
[EventDate "2020.02.09"]
[WhiteTeam "Manchester Manticores 3"]
[BlackTeam "Bradford DCA Knights C"]

1. c4 e5 2. g3 Nf6 3. Bg2 d6 4. Nc3 c6 5. d4 Nbd7 6. Nf3 Be7 7. O-O O-O 8. b3
Re8 9. Bb2 Bf8 10. Qc2 a6 11. dxe5 dxe5 12. Ng5 h6 13. Nge4 Nxe4 14. Nxe4 Nc5
15. Rad1 Qc7 16. Nxc5 Bxc5 17. a3 f6 18. b4 Bf8 19. Be4 Be6 20. c5 Rad8 21. Bg6
Bf7 22. Bh7+ Kh8 23. Bf5 a5 24. Bc3 b6 25. cxb6 Qxb6 26. bxa5 Qa6 27. Bd7 Re7
28. Bf5 Rxd1 29. Rxd1 Re8 30. Rd7 Bc4 31. e3 Bxa3 32. Qd2 Be7 33. Rxe7 1-0

[Event "4NCL Division 3 North"]
[Site "Bolton, ENG"]
[Date "2020.02.09"]
[Round "6.209"]
[White "Waite, Nicholas"]
[Black "Norris, Michael J"]
[Result "1-0"]
[WhiteElo "1412"]
[BlackElo "1814"]
[PlyCount "131"]
[EventDate "2020.02.09"]
[WhiteTeam "Bradford DCA Knights C"]
[BlackTeam "Manchester Manticores 3"]

1. d4 d5 2. Nc3 Nf6 3. Bf4 c6 4. e3 Bf5 5. f3 h6 6. g4 Bh7 7. h4 g5 8. Be5 Bg7
9. Bd3 Bxd3 10. Qxd3 e6 11. hxg5 hxg5 12. Rxh8+ Bxh8 13. O-O-O Nbd7 14. Bg3 Nf8
15. e4 Ng6 16. Nge2 dxe4 17. Nxe4 Nxe4 18. Qxe4 Qd5 19. Qxd5 cxd5 20. Rh1 Ke7
21. c3 Bf6 22. f4 gxf4 23. Bxf4 Nxf4 24. Nxf4 Bg5 25. Rf1 Rh8 26. Kc2 Rh4 27.
Nd3 Rxg4 28. Ne5 Rg2+ 29. Kb3 f6 30. Nf3 f5 31. Rg1 Rxg1 32. Nxg1 Bf4 33. Kc2
Kf6 34. Kd3 Kg5 35. Nf3+ Kg4 36. Ke2 Bd6 37. Ke3 Bg3 38. Ke2 b6 39. b4 Bd6 40.
a3 Kf4 41. Nd2 Bc7 42. Kd3 e5 43. dxe5 Bxe5 44. a4 Kg3 45. Nf1+ Kf2 46. Ne3 f4
47. Ng4+ Kg2 48. Nxe5 f3 49. Nxf3 Kxf3 50. Kd4 Ke2 51. Kxd5 Kd3 52. c4 Kc3 53.
c5 Kxb4 54. c6 Kxa4 55. c7 b5 56. c8=Q a5 57. Kc5 b4 58. Qc6+ Ka3 59. Qb5 b3
60. Qxa5+ Kb2 61. Kc4 Kc2 62. Qc3+ Kb1 63. Qxb3+ Ka1 64. Qb4 Ka2 65. Kc3 Ka1
66. Qb2# 1-0

[Event "4NCL Division 3 North"]
[Site "Bolton, ENG"]
[Date "2020.02.09"]
[Round "6.201"]
[White "Trueman, Glenn"]
[Black "Rutter, Nick J"]
[Result "0-1"]
[WhiteElo "1922"]
[BlackElo "2222"]
[PlyCount "62"]
[EventDate "2020.02.09"]
[WhiteTeam "Manchester Manticores 3"]
[BlackTeam "Shropshire 1"]

1. d4 d5 2. c4 e6 3. Nf3 c6 4. e3 Nf6 5. Bd3 dxc4 6. Bxc4 b5 7. Be2 Bb7 8. O-O
Nbd7 9. b3 a6 10. Bb2 Be7 11. Nbd2 O-O 12. Rc1 Rc8 13. Qc2 c5 14. Qb1 Re8 15.
Rfd1 Qb6 16. dxc5 Bxc5 17. Bd4 e5 18. Bxc5 Rxc5 19. b4 Rxc1 20. Rxc1 Nd5 21.
Qf5 N7f6 22. a3 Nxe3 23. fxe3 Qxe3+ 24. Kf1 Bxf3 25. gxf3 Qxd2 26. Rc8 Qd6 27.
Qc2 g6 28. Rc6 Qe7 29. Rxa6 Nd5 30. Qc6 Ne3+ 31. Kf2 Qh4+ 0-1

[Event "4NCL Division 3 North"]
[Site "Bolton, ENG"]
[Date "2020.02.09"]
[Round "6.204"]
[White "Paul, Nathanael"]
[Black "Lonsdale, Jon I"]
[Result "1/2-1/2"]
[WhiteElo "2117"]
[BlackElo "1885"]
[PlyCount "56"]
[EventDate "2020.02.09"]
[WhiteTeam "Shropshire 1"]
[BlackTeam "Manchester Manticores 3"]

1. d4 Nf6 2. Bf4 e6 3. e3 c5 4. Nd2 Nc6 5. c3 Be7 6. Bd3 b6 7. Qe2 O-O 8. Ngf3
d6 9. e4 cxd4 10. cxd4 Nb4 11. O-O Nxd3 12. Qxd3 Bb7 13. h3 a6 14. Nh2 b5 15.
Ng4 Nh5 16. Bh2 f5 17. exf5 Rxf5 18. Qe2 Qd7 19. Rae1 Kf7 20. Ne3 Nf4 21. Qg4
h5 22. Qg3 Rf6 23. Nf3 Rf8 24. Ng5+ Kg8 25. Qh4 Rg6 26. Bxf4 Rxf4 27. Qxf4 Bxg5
28. Qh2 Bxe3 1/2-1/2

[Event "4NCL Division 3 North"]
[Site "Bolton, ENG"]
[Date "2020.02.09"]
[Round "6.207"]
[White "Gawne, Martin"]
[Black "Bryant, Richard B E"]
[Result "0-1"]
[WhiteElo "1795"]
[BlackElo "1982"]
[PlyCount "78"]
[EventDate "2020.02.09"]
[WhiteTeam "Manchester Manticores 3"]
[BlackTeam "Shropshire 1"]

1. d4 e6 2. Nf3 b6 3. g3 Bb7 4. Bg2 c5 5. O-O cxd4 6. Nxd4 Bxg2 7. Kxg2 Nf6 8.
c4 Qc8 9. b3 Nc6 10. Bb2 Nxd4 11. Bxd4 Qc6+ 12. Kg1 Be7 13. Nd2 O-O 14. Nf3 d6
15. Qd2 Rfd8 16. Rac1 Qb7 17. Rfd1 d5 18. Qb2 dxc4 19. Rxc4 Ne8 20. Rdc1 f6 21.
Qc2 b5 22. Rc6 Bd6 23. Bb2 Qe7 24. Nd4 Rab8 25. Qe4 Nc7 26. Nf5 exf5 27. Qxe7
Bxe7 28. Rxc7 Bf8 29. Rxa7 Rd2 30. Bc3 Rxe2 31. Bd4 Re4 32. Be3 g5 33. Rcc7 f4
34. Bd2 Rd8 35. f3 Re2 36. Rd7 Rxd2 37. Rxd8 Rxd8 38. Kf1 Rd3 39. Ke2 Re3+ 0-1

[Event "4NCL Division 3 North"]
[Site "Bolton, ENG"]
[Date "2020.02.09"]
[Round "6.202"]
[White "Whyte, Brian G"]
[Black "Bramson, Mike"]
[Result "1-0"]
[WhiteElo "2117"]
[BlackElo "1786"]
[PlyCount "110"]
[EventDate "2020.02.09"]
[WhiteTeam "Shropshire 1"]
[BlackTeam "Bradford DCA Knights C"]

1. c4 e5 2. g3 Nc6 3. Nc3 Nf6 4. Bg2 Bc5 5. e3 O-O 6. Nge2 d6 7. O-O Bg4 8. h3
Bh5 9. a3 a5 10. b3 Re8 11. d3 h6 12. Qc2 Qd7 13. Kh2 Rad8 14. e4 Nd4 15. Nxd4
exd4 16. Ne2 Bxe2 17. Qxe2 b5 18. Bd2 bxc4 19. dxc4 Nxe4 20. Bxe4 d5 21. cxd5
Qxd5 22. Rfe1 Qxb3 23. Qd3 Qb6 24. Rab1 Qf6 25. Kg2 Bb6 26. Qf3 Qxf3+ 27. Kxf3
Re6 28. Bd3 Rf6+ 29. Kg2 Re6 30. a4 Rde8 31. Rxe6 Rxe6 32. Re1 Kf8 33. Rxe6
fxe6 34. Bf4 Ke7 35. Kf3 c5 36. Ke4 Kf7 37. Bb8 Kf6 38. Bc4 h5 39. h4 g6 40.
Bd6 g5 41. hxg5+ Kxg5 42. Be7+ Kg6 43. Ke5 d3 44. Bxd3+ Kf7 45. Bh4 c4 46. Bxc4
Bxf2 47. Bxe6+ Kg6 48. Kf4 Be1 49. Bf5+ Kh6 50. Bd7 Bd2+ 51. Kf3 Bb4 52. Bd8
Bd2 53. Kg2 Kg6 54. Be8+ Kh6 55. Kh3 Kg7 1-0

[Event "4NCL Division 3 North"]
[Site "Bolton, ENG"]
[Date "2020.02.09"]
[Round "6.205"]
[White "Ibbitson, Anthony"]
[Black "Gostelow, David W"]
[Result "1/2-1/2"]
[WhiteElo "1735"]
[BlackElo "1990"]
[PlyCount "38"]
[EventDate "2020.02.09"]
[WhiteTeam "Bradford DCA Knights C"]
[BlackTeam "Shropshire 1"]

1. e4 c5 2. Nc3 Nc6 3. g3 g6 4. Bg2 Bg7 5. d3 Nf6 6. f4 d6 7. Nf3 O-O 8. O-O
Bd7 9. h3 h5 10. Nh4 Kh7 11. f5 Nd4 12. Ne2 Nxe2+ 13. Qxe2 Ng8 14. c3 e6 15.
fxg6+ fxg6 16. Rxf8 Bxf8 17. Be3 Be7 18. Nf3 e5 19. Qd2 Be6 1/2-1/2